[Event "Berlin-ch QT"]
[Site "Berlin"]
[Date "2019.04.21"]
[Round "2"]
[White "Tscheuschner, Georg"]
[Black "Kretzschmar, Jan"]
[Result "1/2-1/2"]
[WhiteElo "2099"]
[BlackElo "1807"]
[PlyCount "78"]
[EventDate "2019.04.20"]
[EventType "swiss"]
[EventRounds "9"]
[EventCountry "GER"]
[SourceTitle "EXT 2020"]
[Source "ChessBase"]
[SourceDate "2019.10.17"]
[SourceVersion "1"]
[SourceVersionDate "2019.10.17"]
[SourceQuality "1"]

1. c4 Nf6 2. Nc3 e5 3. g3 d5 4. cxd5 Nxd5 5. Bg2 Nb6 6. Nf3 Nc6 7. 0-0 Be7 8. a3 0-0 9. b4 a6 10. d3 Be6 11. Bb2 Qc8 12. Ne4 f6 13. Nc5 Bxc5 14. bxc5 Nd5 15. Qa4 Nde7 16. Rfe1 Kh8 17. e4 Qe8 18. Qc2 Rd8 19. Nd2 Nd4 20. Bxd4 Rxd4 21. Rab1 Bc8 22. Nb3 Rd8 23. Na5 Nc6 24. Nc4 Nd4 25. Qc3 Qe7 26. Ne3 c6 27. a4 g6 28. Rb4 Rf7 29. h3 Qf8 30. Ng4 Bxg4 31. hxg4 g5 32. Qc4 Rfd7 33. Reb1 Qe7 34. R4b2 Kg7 35. Bf1 Rf8 36. Kg2 Rf7 37. f3 Qe6 38. Qc3 Qe7 39. Rb4 Kg6 1/2-1/2

[Event "Berlin Lichtenberger op 17th"]
[Site "Berlin"]
[Date "2018.08.26"]
[Round "9"]
[White "Kretzschmar, Jan"]
[Black "Segerberg, Tomas Olof"]
[Result "0-1"]
[WhiteElo "1817"]
[BlackElo "2101"]
[PlyCount "70"]
[EventDate "2018.08.18"]
[EventType "swiss"]
[EventRounds "9"]
[EventCountry "GER"]
[SourceTitle "CBM 186 Extra"]
[Source "ChessBase"]
[SourceDate "2018.08.24"]
[SourceVersion "1"]
[SourceVersionDate "2018.08.24"]
[SourceQuality "1"]

1. d4 e6 2. Nf3 b6 3. g3 Bb7 4. Bg2 Nf6 5. 0-0 Ne4 6. Nbd2 Nxd2 7. Qxd2 Bxf3 8. Bxf3 d5 9. e4 c6 10. exd5 exd5 11. c4 Be7 12. cxd5 cxd5 13. Re1 0-0 14. Rxe7 Qxe7 15. Bxd5 Nd7 16. Bxa8 Rxa8 17. b3 Nf6 18. Bb2 Qb7 19. Re1 h6 20. Qd3 Rd8 21. Qf1 Nh7 22. h4 Nf6 23. Qg2 Qa6 24. Ra1 Qe2 25. f3 Qd3 26. Qf1 Qg6 27. Kg2 Nd5 28. Re1 Rc8 29. Qb5 Nf4+ 30. Kh1 Qxg3 31. Re8+ Rxe8 32. Qxe8+ Kh7 33. Qe4+ g6 34. Qc2 Qxf3+ 35. Kh2 Ne2 0-1

[Event "Berlin Lichtenberger op 17th"]
[Site "Berlin"]
[Date "2018.08.19"]
[Round "2"]
[White "Kretzschmar, Jan"]
[Black "Heerde, Thomas"]
[Result "0-1"]
[WhiteElo "1817"]
[BlackElo "2005"]
[PlyCount "56"]
[EventDate "2018.08.18"]
[EventType "swiss"]
[EventRounds "9"]
[EventCountry "GER"]
[SourceTitle "CBM 186 Extra"]
[Source "ChessBase"]
[SourceDate "2018.08.24"]
[SourceVersion "1"]
[SourceVersionDate "2018.08.24"]
[SourceQuality "1"]

1. d4 Nf6 2. Nf3 g6 3. g3 Bg7 4. Bg2 c5 5. c4 cxd4 6. Nxd4 Nc6 7. 0-0 0-0 8. e4 Ng4 9. Nc2 d6 10. h3 Nge5 11. Qe2 Be6 12. Nd2 Rc8 13. Rb1 Qd7 14. Kh2 Nxc4 15. Nxc4 Bxc4 16. Qxc4 Nd4 17. Qxd4 Bxd4 18. Nxd4 e5 19. Ne2 Qb5 20. Re1 Rc2 21. Bf1 Qb4 22. Bh6 Rfc8 23. Bg2 Rxb2 24. Rec1 Rc6 25. Rxb2 Qxb2 26. Rxc6 bxc6 27. Bf3 d5 28. exd5 cxd5 0-1

[Event "Berlin-ch QT"]
[Site "Berlin"]
[Date "2018.04.07"]
[Round "8"]
[White "Eberlein, Johann"]
[Black "Kretzschmar, Jan"]
[Result "1-0"]
[WhiteElo "1953"]
[BlackElo "1802"]
[PlyCount "77"]
[EventDate "2018.03.31"]
[EventType "swiss"]
[EventRounds "9"]
[EventCountry "GER"]
[SourceTitle "EXT 2020"]
[Source "ChessBase"]
[SourceDate "2019.10.17"]
[SourceVersion "1"]
[SourceVersionDate "2019.10.17"]
[SourceQuality "1"]

1. Nc3 d5 2. e4 dxe4 3. Nxe4 Bf5 4. Ng3 Bg6 5. Nf3 e6 6. h4 h6 7. h5 Bh7 8. d4 Nf6 9. Bd3 Bxd3 10. Qxd3 Bd6 11. Ne4 Nxe4 12. Qxe4 c6 13. Bd2 Nd7 14. 0-0-0 Nf6 15. Qd3 Qc7 16. Rh4 0-0-0 17. Kb1 Kb8 18. Qb3 Ka8 19. c4 Qb8 20. Be3 Bc7 21. g3 Rd7 22. Nd2 e5 23. Nf3 exd4 24. Rdxd4 Rhd8 25. Rxd7 Rxd7 26. Qa4 Rd3 27. Kc2 Rxe3 28. fxe3 Bxg3 29. Rd4 Qc8 30. Qa3 Qf5+ 31. Qd3 Qxd3+ 32. Kxd3 Nxh5 33. Rd8+ Bb8 34. Ne5 b6 35. Nxc6 Kb7 36. Nxb8 Kc7 37. Rf8 a5 38. b4 axb4 39. Na6+ 1-0

[Event "Berlin Lichtenberger op 16th"]
[Site "Berlin"]
[Date "2017.08.24"]
[Round "6"]
[White "Kievelitz, Bernd"]
[Black "Kretzschmar, Jan"]
[Result "1/2-1/2"]
[WhiteElo "1889"]
[BlackElo "1819"]
[PlyCount "84"]
[EventDate "2017.08.19"]
[EventType "swiss"]
[EventRounds "9"]
[EventCountry "GER"]
[SourceTitle "CBM 180 Extra"]
[Source "ChessBase"]
[SourceDate "2017.10.06"]
[SourceVersion "1"]
[SourceVersionDate "2017.10.06"]
[SourceQuality "1"]

1. Nf3 d5 2. d4 Nf6 3. c4 e6 4. Nc3 Be7 5. Bf4 0-0 6. e3 c6 7. Rc1 Nbd7 8. Bd3 Re8 9. 0-0 Nh5 10. Bxh7+ Kxh7 11. Ng5+ Bxg5 12. Qxh5+ Bh6 13. Bxh6 gxh6 14. Qxf7+ Kh8 15. f4 Re7 16. Qg6 Qf8 17. f5 Qg7 18. Qxg7+ Kxg7 19. fxe6 Nf6 20. cxd5 cxd5 21. Rxf6 Kxf6 22. Nxd5+ Kxe6 23. Nxe7 Kxe7 24. Rc7+ Kf6 25. a3 a5 26. Rh7 Kg6 27. Rh8 Kg7 28. Rd8 a4 29. Kf2 b5 30. e4 Kf7 31. e5 Ke7 32. Rh8 Ke6 33. Rxh6+ Kd5 34. Rd6+ Kc4 35. e6 Bb7 36. e7 Re8 37. Rd7 Bd5 38. g4 Kxd4 39. h4 Kc5 40. Ra7 Kd6 41. g5 Rxe7 42. Rxe7 Kxe7 1/2-1/2

[Event "Berlin Lichtenberger op 16th"]
[Site "Berlin"]
[Date "2017.08.20"]
[Round "2"]
[White "Kretzschmar, Jan"]
[Black "Berger, Steve"]
[Result "0-1"]
[WhiteElo "1819"]
[BlackElo "2412"]
[PlyCount "82"]
[EventDate "2017.08.19"]
[EventType "swiss"]
[EventRounds "9"]
[EventCountry "GER"]
[SourceTitle "CBM 180 Extra"]
[Source "ChessBase"]
[SourceDate "2017.10.06"]
[SourceVersion "1"]
[SourceVersionDate "2017.10.06"]
[SourceQuality "1"]

1. d4 Nf6 2. c4 e6 3. Nf3 Bb4+ 4. Bd2 Qe7 5. g3 Nc6 6. Bg2 Bxd2+ 7. Nbxd2 0-0 8. 0-0 d6 9. a3 a5 10. b3 e5 11. dxe5 dxe5 12. e3 Bf5 13. Re1 Rad8 14. Ra2 e4 15. Nd4 Nxd4 16. exd4 Rxd4 17. Qa1 Qd7 18. Nf1 Rd3 19. b4 a4 20. Ne3 Bh3 21. Bh1 h5 22. Qc1 Rd8 23. Rc2 c6 24. c5 Be6 25. Bg2 Rd2 26. Rxd2 Qxd2 27. Qxd2 Rxd2 28. Ra1 g6 29. h3 Rd4 30. Bf1 Nd7 31. Kg2 f5 32. Rc1 Ne5 33. b5 g5 34. Nc2 Rd2 35. Nb4 e3 36. Rc2 Rxc2 37. Nxc2 Bd5+ 38. f3 Bxf3+ 39. Kg1 e2 40. Bxe2 Bxe2 41. bxc6 bxc6 0-1

[Event "Berlin Lichtenberger op 15th"]
[Site "Berlin"]
[Date "2016.08.15"]
[Round "3"]
[White "Friedrich, Gerhard"]
[Black "Kretzschmar, Jan"]
[Result "1-0"]
[WhiteElo "1930"]
[BlackElo "1808"]
[PlyCount "71"]
[EventDate "2016.08.13"]
[EventType "swiss"]
[EventRounds "9"]
[EventCountry "GER"]
[SourceTitle "CBM 173 Extra"]
[Source "ChessBase"]
[SourceDate "2016.08.29"]
[SourceVersion "1"]
[SourceVersionDate "2016.08.29"]
[SourceQuality "1"]

1. d4 Nf6 2. Nf3 e6 3. c4 Bb4+ 4. Bd2 c5 5. Nc3 cxd4 6. Nxd4 Nc6 7. Nc2 Be7 8. e3 0-0 9. Be2 d5 10. 0-0 a6 11. b3 e5 12. cxd5 Nxd5 13. Bf3 Be6 14. Qe2 Nf6 15. Rfd1 Qc7 16. Rac1 Rfd8 17. e4 Nd4 18. Nxd4 exd4 19. Nd5 Nxd5 20. exd5 Qb6 21. dxe6 fxe6 22. Qd3 Rf8 23. Be4 h6 24. Rc4 Rad8 25. g3 e5 26. Rc2 Ba3 27. Qc4+ Kh8 28. Qc7 Qf6 29. Rf1 Rf7 30. Qc4 b5 31. Qd3 Bd6 32. Rc6 Rdf8 33. Bb4 Rd8 34. Rxa6 Qe7 35. Bxd6 Rxd6 36. Qxb5 1-0

[Event "Berlin Lichtenberger op 15th"]
[Site "Berlin"]
[Date "2016.08.13"]
[Round "1"]
[White "Hansch, Stephan"]
[Black "Kretzschmar, Jan"]
[Result "1-0"]
[WhiteElo "2126"]
[BlackElo "1808"]
[PlyCount "75"]
[EventDate "2016.08.13"]
[EventType "swiss"]
[EventRounds "9"]
[EventCountry "GER"]
[SourceTitle "CBM 173 Extra"]
[Source "ChessBase"]
[SourceDate "2016.08.29"]
[SourceVersion "1"]
[SourceVersionDate "2016.08.29"]
[SourceQuality "1"]

1. d4 Nf6 2. Nf3 d5 3. c4 e6 4. g3 Be7 5. Bg2 0-0 6. 0-0 Nbd7 7. Qc2 c6 8. Nbd2 Re8 9. e4 dxe4 10. Nxe4 Nxe4 11. Qxe4 Bf6 12. Ne5 Nf8 13. Bf4 a5 14. Rfd1 Bd7 15. c5 Bxe5 16. dxe5 f5 17. exf6 Qxf6 18. Be5 Qf5 19. g4 Qxe4 20. Bxe4 Re7 21. h4 Be8 22. h5 Nd7 23. Bd6 Rf7 24. g5 e5 25. Bxh7+ Kxh7 26. g6+ Kh6 27. gxf7 Bxf7 28. Be7 Bd5 29. Rd3 Re8 30. Bd6 Re6 31. Rg3 b6 32. Rg6+ Rxg6+ 33. hxg6 bxc5 34. a4 Bb3 35. Bc7 c4 36. Bxa5 Nc5 37. Bc3 Bxa4 38. Bb4 1-0

[Event "Berlin Lichtenberger op 14th"]
[Site "Berlin"]
[Date "2015.08.22"]
[Round "8"]
[White "Kretzschmar, Jan"]
[Black "Scheide, Helmut"]
[Result "1-0"]
[WhiteElo "1830"]
[BlackElo "1959"]
[PlyCount "59"]
[EventDate "2015.08.15"]
[EventType "swiss"]
[EventRounds "9"]
[EventCountry "GER"]
[SourceTitle "EXT 2016"]
[Source "ChessBase"]
[SourceDate "2015.10.08"]
[SourceVersion "1"]
[SourceVersionDate "2015.10.08"]
[SourceQuality "1"]

1. d4 Nf6 2. Bg5 c6 3. Nd2 d5 4. e3 Qb6 5. Bd3 Qxb2 6. Ne2 Qb6 7. 0-0 Nbd7 8. c4 g6 9. Qc2 Bg7 10. f4 Ng4 11. Rf3 f5 12. h3 Ngf6 13. Rb1 Qd8 14. Nc3 h6 15. Bh4 Ne4 16. Ndxe4 dxe4 17. Nxe4 fxe4 18. Bxe4 Nf6 19. Bxg6+ Kf8 20. Rd1 Be6 21. e4 Qb6 22. e5 Nd7 23. Kh1 Rc8 24. f5 Bg8 25. f6 exf6 26. exf6 c5 27. fxg7+ Kxg7 28. Re1 Be6 29. d5 Rcf8 30. Rxe6 1-0

[Event "Berlin Lichtenberger op 14th"]
[Site "Berlin"]
[Date "2015.08.21"]
[Round "7"]
[White "Jaeger, Andre"]
[Black "Kretzschmar, Jan"]
[Result "1/2-1/2"]
[WhiteElo "1942"]
[BlackElo "1830"]
[PlyCount "96"]
[EventDate "2015.08.15"]
[EventType "swiss"]
[EventRounds "9"]
[EventCountry "GER"]
[SourceTitle "EXT 2016"]
[Source "ChessBase"]
[SourceDate "2015.10.08"]
[SourceVersion "1"]
[SourceVersionDate "2015.10.08"]
[SourceQuality "1"]

1. d4 Nf6 2. c4 e6 3. Nc3 Bb4 4. f3 d5 5. a3 Bxc3+ 6. bxc3 0-0 7. cxd5 exd5 8. e3 Re8 9. Bd3 Nbd7 10. Ne2 b6 11. 0-0 Bb7 12. Ng3 c5 13. Ra2 Qc7 14. Re2 cxd4 15. cxd4 Rac8 16. e4 dxe4 17. fxe4 Nf8 18. Bb2 Ng6 19. e5 Nd5 20. Qd2 Nde7 21. Ref2 Bd5 22. Nh5 Rf8 23. Nf6+ Kh8 24. Nxd5 Nxd5 25. Qg5 Kg8 26. Bf5 Rcd8 27. e6 f6 28. Qh5 Ne3 29. Rc1 Qd6 30. Bxg6 hxg6 31. Qh3 Nd5 32. Re1 Rfe8 33. Qg4 Ne7 34. Rf3 Qd5 35. Rh3 Qg5 36. Qxg5 fxg5 37. Rg3 Rd5 38. Re5 Rxe5 39. dxe5 Rd8 40. h3 Rd1+ 41. Kh2 Rd2 42. Bc3 Re2 43. Bb4 Nf5 44. Rxg5 Rxe5 45. Rxg6 a5 46. Bc3 Re3 47. Bb2 Re2 48. Bc3 Re3 1/2-1/2

[Event "Berlin Lichtenberger op 14th"]
[Site "Berlin"]
[Date "2015.08.15"]
[Round "1"]
[White "Kretzschmar, Jan"]
[Black "Postler, Reinhard"]
[Result "0-1"]
[WhiteElo "1830"]
[BlackElo "2214"]
[PlyCount "74"]
[EventDate "2015.08.15"]
[EventType "swiss"]
[EventRounds "9"]
[EventCountry "GER"]
[SourceTitle "EXT 2016"]
[Source "ChessBase"]
[SourceDate "2015.10.08"]
[SourceVersion "1"]
[SourceVersionDate "2015.10.08"]
[SourceQuality "1"]

1. d4 d5 2. Nf3 c6 3. c4 Nf6 4. e3 e6 5. Nc3 Nbd7 6. Qc2 Bd6 7. Bd3 0-0 8. cxd5 exd5 9. Bd2 Re8 10. 0-0 Nf8 11. h3 Qe7 12. e4 dxe4 13. Nxe4 Nxe4 14. Rfe1 Nxd2 15. Rxe7 Nxf3+ 16. gxf3 Rxe7 17. Kg2 Be6 18. a3 Ng6 19. Bxg6 hxg6 20. h4 Bd5 21. Rh1 Re6 22. Rh3 Rae8 23. Qc3 Re1 24. h5 Rd1 25. Rh1 Rxh1 26. Kxh1 gxh5 27. Kg2 Re6 28. Qa5 Rf6 29. Qd8+ Kh7 30. Qd7 Bxf3+ 31. Kf1 h4 32. b4 b5 33. Qh3 Bg3 34. Ke1 Bxf2+ 35. Kd2 g5 36. Qd7 Kg7 37. Kc3 Rf4 0-1

[Event "Berlin-ch QT"]
[Site "Berlin"]
[Date "2015.04.10"]
[Round "8"]
[White "Heerde, Thomas"]
[Black "Kretzschmar, Jan"]
[Result "1-0"]
[WhiteElo "1996"]
[BlackElo "1821"]
[PlyCount "29"]
[EventDate "2015.04.03"]
[EventType "swiss"]
[EventRounds "9"]
[EventCountry "GER"]
[SourceTitle "EXT 2022"]
[Source "ChessBase"]
[SourceDate "2021.10.06"]
[SourceVersion "1"]
[SourceVersionDate "2021.10.06"]
[SourceQuality "1"]

1. f4 d5 2. Nf3 g6 3. g3 Bg7 4. Bg2 Nd7 5. 0-0 Ngf6 6. d3 0-0 7. Nc3 c6 8. e4 dxe4 9. dxe4 Qb6+ 10. Kh1 Ng4 11. Qe2 e5 12. h3 Nh6 13. fxe5 Nxe5 14. Nxe5 Bxe5 15. Bxh6 1-0

[Event "GER-chT10 LJ-21 Br03 email"]
[Site "GER email"]
[Date "2013.10.04"]
[Round "?"]
[White "Scheiba, Manfred"]
[Black "Kretzschmar, Jan"]
[Result "1-0"]
[WhiteElo "2080"]
[BlackElo "1986"]
[PlyCount "71"]
[EventDate "2013.10.15"]
[EventType "tourn (corr)"]
[EventRounds "8"]
[EventCountry "GER"]
[SourceTitle "Corr 2015"]
[Source "ChessBase"]
[SourceDate "2015.07.17"]
[SourceVersion "1"]
[SourceVersionDate "2015.07.17"]
[SourceQuality "1"]

1. d4 d5 2. c4 c6 3. Nf3 Nf6 4. Nc3 e6 5. Bg5 Nbd7 6. e3 Qa5 7. Nd2 dxc4 8. Bxf6 Nxf6 9. Nxc4 Qd8 10. Be2 Be7 11. 0-0 0-0 12. Qb3 b6 13. Bf3 Bb7 14. Na5 Qd7 15. Nxb7 Qxb7 16. Rac1 Rac8 17. Ne4 Qd7 18. Nxf6+ Bxf6 19. Qa4 b5 20. Qa6 c5 21. dxc5 Bxb2 22. c6 Qe7 23. Rb1 Bf6 24. Rxb5 Rc7 25. g3 g6 26. Rb7 Rxb7 27. cxb7 Qc5 28. Rb1 Rb8 29. Rb5 Qc4 30. a4 Be7 31. Qxa7 Bd6 32. Qb6 Qc1+ 33. Kg2 Qa3 34. a5 h5 35. a6 Qd3 36. a7 1-0

[Event "Berlin Lichtenberger op 11th"]
[Site "Berlin"]
[Date "2012.08.25"]
[Round "8"]
[White "Becker, Uwe"]
[Black "Kretzschmar, Jan"]
[Result "0-1"]
[WhiteElo "1817"]
[BlackElo "1839"]
[PlyCount "42"]
[EventDate "2012.08.18"]
[EventType "swiss"]
[EventRounds "9"]
[EventCountry "GER"]
[SourceTitle "CBM 150 Extra"]
[Source "ChessBase"]
[SourceDate "2012.10.19"]
[SourceVersion "1"]
[SourceVersionDate "2012.10.19"]
[SourceQuality "1"]

1. f4 d5 2. Nf3 Nf6 3. g3 g6 4. Bg2 Bg7 5. c3 0-0 6. d3 c5 7. 0-0 e6 8. Na3 a6 9. Nc2 Nbd7 10. d4 Ne4 11. Ng5 Ndf6 12. dxc5 Nxc5 13. Be3 Qc7 14. Bd4 Ncd7 15. Ne1 h6 16. Ngf3 Ne4 17. Bxg7 Kxg7 18. Qd4+ Ndf6 19. Ne5 Qa5 20. Rc1 Rd8 21. N1d3 Qxa2 0-1

[Event "Berlin Lichtenberger op 11th"]
[Site "Berlin"]
[Date "2012.08.18"]
[Round "1"]
[White "Kretzschmar, Jan"]
[Black "Hermannsdoerfer, Frank"]
[Result "0-1"]
[WhiteElo "1839"]
[BlackElo "2242"]
[PlyCount "136"]
[EventDate "2012.08.18"]
[EventType "swiss"]
[EventRounds "9"]
[EventCountry "GER"]
[SourceTitle "CBM 150 Extra"]
[Source "ChessBase"]
[SourceDate "2012.10.19"]
[SourceVersion "1"]
[SourceVersionDate "2012.10.19"]
[SourceQuality "1"]

1. d4 d6 2. g3 e5 3. Bg2 exd4 4. Qxd4 Nc6 5. Qd1 Be6 6. Nh3 Nf6 7. Nf4 Bf5 8. Nc3 g6 9. 0-0 Bg7 10. e4 Bg4 11. f3 Bd7 12. Ncd5 Nxd5 13. Nxd5 0-0 14. c3 Ne5 15. a4 b5 16. a5 Rb8 17. a6 c6 18. Nb4 Qb6+ 19. Kh1 Nc4 20. Re1 Be6 21. f4 Rbd8 22. f5 Bc8 23. Qf3 Ne5 24. Qf1 Ng4 25. Re2 gxf5 26. h3 Nf6 27. Be3 Qc7 28. exf5 d5 29. Bf4 Qb6 30. Re7 Rd7 31. Rae1 Nh5 32. g4 Nxf4 33. Qxf4 Rxe7 34. Rxe7 Bf6 35. Rc7 Re8 36. Rxc6 Qd8 37. Bxd5 Be5 38. Qh6 Bg7 39. Qh5 Qe7 40. Nd3 Bd7 41. Rc7 Rf8 42. Rxa7 Qd6 43. f6 Bxf6 44. Nc5 Bc6 45. Bxc6 Qxc6+ 46. Kg1 Qf3 47. Rd7 Qe3+ 48. Kf1 Qc1+ 49. Kg2 Qxb2+ 50. Kf1 Qc1+ 51. Kg2 Qc2+ 52. Kf1 Qxc3 53. a7 Qf3+ 54. Kg1 Qg3+ 55. Kf1 Bh4 56. Qf5 Qxh3+ 57. Ke2 Re8+ 58. Ne4 Qg2+ 59. Kd3 Qa2 60. Qxf7+ Qxf7 61. Rxf7 Rd8+ 62. Kc2 Kxf7 63. Nd6+ Ke6 64. Nxb5 Bg3 65. Nd4+ Kd5 66. Nf5 Bf2 67. Ne7+ Kd6 68. Nf5+ Ke6 0-1

[Event "GER-chT9 LI-23 Br03 email"]
[Site "GER email"]
[Date "2011.10.17"]
[Round "?"]
[White "Kretzschmar, Jan"]
[Black "Kappes, Dieter"]
[Result "0-1"]
[WhiteElo "2009"]
[BlackElo "2067"]
[PlyCount "106"]
[EventDate "2011.10.23"]
[EventType "tourn (corr)"]
[EventRounds "8"]
[EventCountry "GER"]
[SourceTitle "Corr 2015"]
[Source "ChessBase"]
[SourceDate "2015.07.17"]
[SourceVersion "1"]
[SourceVersionDate "2015.07.17"]
[SourceQuality "1"]

1. d4 Nf6 2. Bg5 Ne4 3. Bf4 c5 4. f3 Qa5+ 5. c3 Nf6 6. Nd2 cxd4 7. Nb3 Qd8 8. cxd4 d5 9. e3 e6 10. Rc1 Nc6 11. Bb5 Bd7 12. Ne2 Bb4+ 13. Kf2 Qb6 14. Bd3 Nh5 15. Bb1 Nxf4 16. Nxf4 Rc8 17. Nd3 Bd6 18. f4 0-0 19. Rc3 Qd8 20. Nbc5 Rc7 21. Qh5 g6 22. Qf3 Be8 23. h4 Na5 24. h5 g5 25. Qg4 b6 26. Nb3 Nc4 27. h6 f6 28. Qxe6+ Kh8 29. Re1 Re7 30. Qxd5 Nxe3 31. Qf3 gxf4 32. Nxf4 Bxf4 33. Qxf4 Nd5 34. Rxe7 Qxe7 35. Qe4 Qxe4 36. Bxe4 Nxc3 37. bxc3 f5 38. Bf3 Rf6 39. Ke3 Rxh6 40. Kf4 Kg7 41. Kxf5 Bh5 42. g4 Rf6+ 43. Ke4 Bg6+ 44. Ke3 Re6+ 45. Kd2 Kf6 46. c4 Re8 47. Nc1 Bf7 48. Be2 Rc8 49. d5 b5 50. cxb5 Bxd5 51. a4 Kg5 52. Nd3 Bb3 53. a5 Bc4 0-1

[Event "GER-chT9 LI-23 Br03 email"]
[Site "GER email"]
[Date "2011.10.17"]
[Round "?"]
[White "Langer, Michael S"]
[Black "Kretzschmar, Jan"]
[Result "1-0"]
[WhiteElo "2182"]
[BlackElo "2009"]
[PlyCount "107"]
[EventDate "2011.10.23"]
[EventType "tourn (corr)"]
[EventRounds "8"]
[EventCountry "GER"]
[SourceTitle "Corr 2015"]
[Source "ChessBase"]
[SourceDate "2015.07.17"]
[SourceVersion "1"]
[SourceVersionDate "2015.07.17"]
[SourceQuality "1"]

1. d4 d5 2. c4 e6 3. Nf3 c6 4. e3 Nf6 5. b3 Nbd7 6. Bb2 Bd6 7. Bd3 0-0 8. 0-0 b6 9. Nbd2 Bb7 10. Ne5 c5 11. cxd5 exd5 12. f4 Qe7 13. Qf3 Rfe8 14. Qh3 Nf8 15. Ndf3 Ne4 16. Nh4 Bc8 17. Nf5 Bxf5 18. Qxf5 f6 19. Bxe4 dxe4 20. Nc4 Rad8 21. Ba3 Qe6 22. Qh5 Be7 23. dxc5 g6 24. Qe2 Bxc5 25. Bxc5 bxc5 26. Rad1 Qe7 27. Qc2 Qe6 28. Rf2 Rxd1+ 29. Qxd1 Kg7 30. f5 Qc6 31. Rd2 Re7 32. Rd6 Qc8 33. fxg6 hxg6 34. Qd5 Qc7 35. Rc6 Qd7 36. Qxc5 Ne6 37. Qd6 Qxd6 38. Nxd6 f5 39. Nc8 Rc7 40. Rxc7+ Nxc7 41. Nxa7 Kf7 42. a4 Ke6 43. Nb5 Nd5 44. Nd4+ Kd6 45. Kf2 Kc5 46. a5 Nc7 47. h4 f4 48. Ne2 fxe3+ 49. Kxe3 Kb4 50. Nf4 g5 51. hxg5 Kxa5 52. g6 Ne8 53. Kxe4 Kb4 54. Nh5 1-0

[Event "GER-chT9 LI-23 Br03 email"]
[Site "GER email"]
[Date "2011.10.17"]
[Round "?"]
[White "Roser, Matthias"]
[Black "Kretzschmar, Jan"]
[Result "0-1"]
[WhiteElo "1779"]
[BlackElo "2009"]
[PlyCount "104"]
[EventDate "2011.10.23"]
[EventType "tourn (corr)"]
[EventRounds "8"]
[EventCountry "GER"]
[SourceTitle "Corr 2015"]
[Source "ChessBase"]
[SourceDate "2015.07.17"]
[SourceVersion "1"]
[SourceVersionDate "2015.07.17"]
[SourceQuality "1"]

1. d4 d5 2. c4 c6 3. Nf3 Nf6 4. e3 e6 5. Bd3 Nbd7 6. 0-0 Bd6 7. Nbd2 0-0 8. e4 e5 9. cxd5 cxd5 10. Re1 h6 11. h3 Re8 12. exd5 exd4 13. Rxe8+ Qxe8 14. Nc4 Bc5 15. d6 b5 16. Na5 a6 17. Bf4 Qf8 18. Qc2 Bb4 19. Be4 Nxe4 20. Qxe4 Nb6 21. Qxd4 Bxa5 22. b4 Bxb4 23. Qxb6 Be6 24. Nd4 Bd7 25. Rc1 Qe8 26. Rc7 Bc3 27. Nc6 b4 28. Ne7+ Kh7 29. Qe3 Rd8 30. Be5 Be6 31. Qd3+ Kh8 32. Bxc3 bxc3 33. Rxc3 Bxa2 34. Qxa6 Be6 35. Rc7 Ra8 36. Qd3 Bd7 37. f4 Rb8 38. Qe4 Rd8 39. Kh2 Rb8 40. Ra7 Rd8 41. f5 Kh7 42. Qd5 f6 43. Qa5 Kh8 44. Ng6+ Kh7 45. Qc7 Qg8 46. Nf4 Bxf5 47. Qe7 Qf8 48. Qxf8 Rxf8 49. g4 Bc8 50. Nh5 Kh8 51. Rxg7 f5 52. d7 Bxd7 0-1